000
00325nam a22001457a 4500
008
221010b ||||| |||| 00| 0 eng d
020
_a
97803445440907
041
_a
eng
080
_a
610.73
082
_a
610.73 HOG
100
_a
9
101
_a
INF
245
_a
SECRETS OF THE BABY WHISPERER
_c
HOGG T
942
_2
udc
_c
BK
999
_c
58438
_d
58438